Statistics for Name All of Tim Burton's Movies

Click here to take the quiz!

General Stats

  • This quiz has been taken 19 times
  • The average score is 16 of 44

Answer Stats

YearMovie% Correct
2005Corpse Bride
88%
1993The Nightmare Before Christmas
88%
1988Beetlejuice
82%
1990Edward Scissorhands
82%
1989Batman
76%
1995Batman Forever
76%
2012Frankenweenie
76%
2005Charlie and the Chocolate Factory
71%
2007Sweeney Todd: The Demon Barber of Fleet Street
71%
2010Alice in Wonderland
65%
2003Big Fish
53%
1999Sleepy Hollow
53%
1992Batman Returns
47%
2012Dark Shadows
41%
2019Dumbo
41%
1994Ed Wood
41%
1996Mars Attacks!
41%
2001Planet of the Apes
41%
2014Big Eyes
35%
1996James and the Giant Peach
35%
1985Pee-Wee's Big Adventure
35%
2016Alice Through the Looking Glass
29%
20099
24%
2024Beetlejuice Beetlejuice
24%
2004Catwoman
24%
2016Miss Peregrine's Home For Peculiar Children
24%
1992Singles
24%
1979The Muppet Movie
24%
2012Abraham Lincoln: Vampire Hunter
18%
1994Cabin Boy
18%
1983Hansel and Gretel
18%
1992Hoffa
18%
2000Lost in Oz
18%
1996Mary Reilly
18%
1992Stay Tuned
18%
1985The Black Cauldron
18%
1981The Fox and the Hound
18%
1982Tron
18%
2012Men in Black 3
12%
1978The Lord of the Rings
12%
2012A Little Bit Zombie
0%
2021Reign of the Superwomen
0%
2007Sicko
0%
2011Vivid
0%

Score Distribution

Percentile by Number Answered

Percent of People with Each Score

Your Score History

You have not taken this quiz